Pakistan Par Aalami Dehshatgardo ka hamla (Urdu) (Record no. 303436)

000 -LEADER
fixed length control field 00392 a2200133 4500
001 - CONTROL NUMBER
control field 68363
082 ## - DEWEY DECIMAL CLASSIFICATION NUMBER
Classification number 954.913122 TAR
090 ## - LOCALLY ASSIGNED LC-TYPE CALL NUMBER (OCLC); LOCAL CALL NUMBER (RLIN)
-- 38658
-- 38658
100 ## - MAIN ENTRY--PERSONAL NAME
Personal name Tariq Ismail Sagar
245 ## - TITLE STATEMENT
Title Pakistan Par Aalami Dehshatgardo ka hamla (Urdu)
Medium Urdu
Statement of responsibility, etc. Tariq Ismail Sagar
260 ## - PUBLICATION, DISTRIBUTION, ETC.
Place of publication, distribution, etc. Lahore Pakistan
Date of publication, distribution, etc. Sagar Publications Lahore
Name of publisher, distributor, etc. 2010
300 ## - PHYSICAL DESCRIPTION
Extent 352p
600 ## - SUBJECT ADDED ENTRY--PERSONAL NAME
Personal name Tariq Ismail Sagar
942 ## - ADDED ENTRY ELEMENTS (KOHA)
Institution code [OBSOLETE] CAE NUST
Call number prefix 954.913122 TAR
Holdings
Withdrawn status Lost status Damaged status Not for loan Collection code Permanent Location Current Location Date acquired Total Checkouts Full call number Barcode Date last seen Price effective from Koha item type
          College of Aeronautical Engineering (CAE) College of Aeronautical Engineering (CAE) 04/03/2017   954.913122 TAR CAEG-6236 04/05/2017 04/05/2017 Book
© 2023 Central Library, National University of Sciences and Technology. All Rights Reserved.